<?xml version="1.0" encoding="UTF-8"?>
<record
    xmlns:xsi="http://www.w3.org/2001/XMLSchema-instance"
    xsi:schemaLocation="http://www.loc.gov/MARC21/slim http://www.loc.gov/standards/marcxml/schema/MARC21slim.xsd"
    xmlns="http://www.loc.gov/MARC21/slim">

  <leader>02587cam a22003975i 4500</leader>
  <controlfield tag="001">18462077</controlfield>
  <controlfield tag="005">20220326193332.0</controlfield>
  <controlfield tag="008">141010s2014    pe            000 0 spa  </controlfield>
  <datafield tag="010" ind1=" " ind2=" ">
    <subfield code="a">  2014422990</subfield>
  </datafield>
  <datafield tag="020" ind1=" " ind2=" ">
    <subfield code="a">9786124092251</subfield>
  </datafield>
  <datafield tag="020" ind1=" " ind2=" ">
    <subfield code="a">6124092255</subfield>
  </datafield>
  <datafield tag="035" ind1=" " ind2=" ">
    <subfield code="a">(CVcHKB)hkb2001088468</subfield>
  </datafield>
  <datafield tag="040" ind1=" " ind2=" ">
    <subfield code="a">DLC</subfield>
    <subfield code="b">eng</subfield>
    <subfield code="c">DLC</subfield>
    <subfield code="e">rda</subfield>
  </datafield>
  <datafield tag="042" ind1=" " ind2=" ">
    <subfield code="a">pcc</subfield>
  </datafield>
  <datafield tag="043" ind1=" " ind2=" ">
    <subfield code="a">s-pe---</subfield>
  </datafield>
  <datafield tag="082" ind1=" " ind2=" ">
    <subfield code="a">708</subfield>
    <subfield code="b">B412l</subfield>
  </datafield>
  <datafield tag="100" ind1="1" ind2=" ">
    <subfield code="a">Bedoya, Luz Mar&#xED;a,</subfield>
    <subfield code="d">1969-</subfield>
    <subfield code="e">artist.</subfield>
    <subfield code="9">3223</subfield>
  </datafield>
  <datafield tag="245" ind1="1" ind2="0">
    <subfield code="a">L&#xED;neas, palabras, cosas :</subfield>
    <subfield code="b">Luz Mar&#xED;a Bedoya : Galer&#xED;a Germ&#xE1;n Kr&#xFC;ger Espantoso, del 16 de abril al 1 de junio de 2014 /</subfield>
    <subfield code="c">[curador : Miguel A. L&#xF3;pez].</subfield>
  </datafield>
  <datafield tag="250" ind1=" " ind2=" ">
    <subfield code="a">1a. edici&#xF3;n.</subfield>
  </datafield>
  <datafield tag="300" ind1=" " ind2=" ">
    <subfield code="a">144 p&#xE1;gs. :</subfield>
    <subfield code="b">ill. ;</subfield>
    <subfield code="c">29 cm</subfield>
  </datafield>
  <datafield tag="500" ind1=" " ind2=" ">
    <subfield code="a">Catalog of an exhibition held April 16 - June 1, 2014 at Galer&#xED;a Germ&#xE1;n Kr&#xFC;ger Espantoso, in Lima.</subfield>
  </datafield>
  <datafield tag="504" ind1=" " ind2=" ">
    <subfield code="a">Includes bibliographical references (page 141).</subfield>
  </datafield>
  <datafield tag="505" ind1="8" ind2=" ">
    <subfield code="a">Presentaciones / Germ&#xE1;n Kr&#xFC;ger Espantoso, Fernando Torres Quir&#xF3;s -- La m&#xED;nima habla = Minimal speech / Miguel A. L&#xF3;pez -- De un punto ciego a l&#xED;nea[s] [in] visibles = From a blind spot to [in] visible line [s] / Dorota Biczel -- Un haz de l&#xED;neas que incide en lo contingente = A beam of light striking the continent / Jorge Villacorta -- Obras -- Selecci&#xF3;n de exposiciones.</subfield>
  </datafield>
  <datafield tag="520" ind1=" " ind2=" ">
    <subfield code="a">Within the framework of the 2nd Biennial of Photography of Lima, photographer Luz Mara Bedoya (b. Talara, Peru 1969) presents an anthological exhibition of her last 20 years artwork, "a body of work that began in 1990, with proposals made in the photographic medium, and then expanded into assemblage, sculptural objects, installations, drawing (random, footage), video art (single-channel video projection, video installation and video performance), text (written, printed on page and qualified) and sound art (recording of audio, experiments by way of oral poetry, distorted recording); while never leaving photography completely aside."</subfield>
  </datafield>
  <datafield tag="546" ind1=" " ind2=" ">
    <subfield code="a">In Spanish and English.</subfield>
  </datafield>
  <datafield tag="600" ind1="1" ind2="0">
    <subfield code="a">Bedoya, Luz Mar&#xED;a,</subfield>
    <subfield code="d">1969-</subfield>
    <subfield code="v">Exhibitions.</subfield>
    <subfield code="9">3224</subfield>
  </datafield>
  <datafield tag="650" ind1=" " ind2="0">
    <subfield code="a">Art, Peruvian</subfield>
    <subfield code="y">21st century</subfield>
    <subfield code="v">Exhibitions.</subfield>
    <subfield code="9">3225</subfield>
  </datafield>
  <datafield tag="650" ind1=" " ind2="0">
    <subfield code="a">Arte Peruano</subfield>
    <subfield code="y">Siglo 21</subfield>
    <subfield code="v">Exhibiciones</subfield>
    <subfield code="9">3226</subfield>
  </datafield>
  <datafield tag="650" ind1=" " ind2="0">
    <subfield code="a">Instalaciones (Arte)</subfield>
    <subfield code="y">Siglo 21</subfield>
    <subfield code="9">3227</subfield>
  </datafield>
  <datafield tag="650" ind1=" " ind2="0">
    <subfield code="a">Installations (Art)</subfield>
    <subfield code="y">21st century</subfield>
    <subfield code="v">Exhibitions.</subfield>
    <subfield code="9">3228</subfield>
  </datafield>
  <datafield tag="700" ind1="1" ind2=" ">
    <subfield code="a">L&#xF3;pez, Miguel A.,</subfield>
    <subfield code="d">1983-</subfield>
    <subfield code="e">curador</subfield>
    <subfield code="9">3229</subfield>
  </datafield>
  <datafield tag="710" ind1="2" ind2=" ">
    <subfield code="a">Galer&#xED;a Germ&#xE1;n Kr&#xFC;ger Espantoso,</subfield>
    <subfield code="e">hostinstitution.</subfield>
    <subfield code="9">3230</subfield>
  </datafield>
  <datafield tag="711" ind1="2" ind2=" ">
    <subfield code="a">Bienal de Fotograf&#xED;a de Lima</subfield>
    <subfield code="n">(2nd :</subfield>
    <subfield code="d">2014 :</subfield>
    <subfield code="c">Lima, Peru)</subfield>
    <subfield code="9">3231</subfield>
  </datafield>
  <datafield tag="906" ind1=" " ind2=" ">
    <subfield code="a">0</subfield>
    <subfield code="b">ibc</subfield>
    <subfield code="c">origres</subfield>
    <subfield code="d">3</subfield>
    <subfield code="e">ncip</subfield>
    <subfield code="f">20</subfield>
    <subfield code="g">y-gencatlg</subfield>
  </datafield>
  <datafield tag="999" ind1=" " ind2=" ">
    <subfield code="c">711</subfield>
    <subfield code="d">711</subfield>
  </datafield>
  <datafield tag="952" ind1=" " ind2=" ">
    <subfield code="0">0</subfield>
    <subfield code="1">0</subfield>
    <subfield code="2">ddc</subfield>
    <subfield code="4">0</subfield>
    <subfield code="7">0</subfield>
    <subfield code="a">LV</subfield>
    <subfield code="b">LV</subfield>
    <subfield code="c">Monograf&#xED;as</subfield>
    <subfield code="d">2015-08-11</subfield>
    <subfield code="l">1</subfield>
    <subfield code="o">708 B412l</subfield>
    <subfield code="p">004084</subfield>
    <subfield code="r">2018-08-08 00:00:00</subfield>
    <subfield code="s">2018-06-22</subfield>
    <subfield code="w">2015-08-11</subfield>
    <subfield code="y">01</subfield>
  </datafield>
</record>
